| 000 | 00608cam a2200241 4500 | ||
|---|---|---|---|
| 008 | 090401t1991 xxu||||| |||| 00| 0 eng d | ||
| 020 | _a0851216765 | ||
| 035 | _a(Sirsi) u94603 | ||
| 041 | _aeng | ||
| 050 | _a343.4107 | ||
| 100 | _aPendlebury, Alan | ||
| 245 | _aLicensing law for conveyancers. | ||
| 260 |
_aLondon _bLongman _c1991 |
||
| 300 | _axvii,228p. ; 22cm. | ||
| 350 | _a26 | ||
| 490 | _aLongman Practitioner Series | ||
| 650 | _aCONVEYANCING | ||
| 650 | _aLICENSED PREMISES | ||
| 650 | _aLICENSING LAW | ||
| 690 | _aPROPERTY LAW AND PRACTICE | ||
| 942 | _n0 | ||
| 948 | _c04/03/1997 | ||
| 999 |
_c98095 _d98095 |
||